| 000 | 00660nam a22002177a 4500 | ||
|---|---|---|---|
| 003 | 0 | ||
| 005 | 20250324101451.0 | ||
| 008 | 250324b xxu||||| |||| 00| 0 eng d | ||
| 020 | _a978-1-265-05156-3 | ||
| 050 |
_aHF 5635 _b.M355 2023 |
||
| 100 | _aMarshall, David E. | ||
| 245 |
_aAccounting: _bwhat the numbers mean _cDavid H. Marshall and two others |
||
| 250 | _aThirteenth edition | ||
| 260 |
_aNew York City _bMcGraw-Hill LLC _c2023 |
||
| 300 |
_axvii, 701 pages : _bcolored illustrations ; _c 26cm. |
||
| 504 | _aIncludes index. | ||
| 650 | _aAccounting. | ||
| 700 | _aMcManus, Wayne W. | ||
| 700 | _aViele, Daniel F. | ||
| 942 |
_2lcc _cBK |
||
| 999 |
_c367316 _d367316 |
||